000 00781nam a2200265Ia 4500
003 OSt
005 20221006160144.0
006 a|||||r|||| 00| 0
007 ta
008 221006b |||||||| |||| 00| 0 eng d
020 _a9788986090291
_c
_100.00
024 _a44,463
037 _bGift, KCC (Window on Korea)
_cTextual
040 _aEASL
_cEASL
_beng
041 _2eng
_aeng
082 _aM3.495, P8
100 _aKang woobang Ed.
_9672137
245 0 _aEternaal images of Sakyamuni
_b Two gilot-bronze Korean national treasures
260 _aSeoul
_bKorea foundation
_c2008
300 _a136p.
_ccm.
490 _v KEL
650 _aKEL
942 _hM3.495, P8
_cTEXL
_2CC
999 _c1112555
_d1112555